[Event "Olimpiade 2014 - Open"]
[Site "Tromsø"]
[Date "08.08.2014"]
[Round "6.52"]
[Board "2"]
[White "Mehmeti, Dritan"]
[Black "Kett, Tim"]
[Result "1/2-1/2"]
[WhiteTitle "IM"]
[WhiteElo "2416"]
[BlackElo "2244"]
[WhiteTeam "Albania"]
[BlackTeam "Wales"]
[WhiteFideId "4700600"]
[BlackFideId "1801210"]
[EventDate "2014.08.02"]

1. e4 e5 2. Nf3 Nc6 3. Bc4 Nf6 4. d4 exd4 5. e5 d5 6. Bb5 Ne4 7. Nxd4 Bd7 8.
Bxc6 bxc6 9. O-O Bc5 10. f3 Ng5 11. f4 Ne4 12. Be3 O-O 13. Nd2 f5 14. Nxe4 fxe4
15. Qd2 Qe7 16. Nb3 Bb6 17. a4 g5 18. a5 gxf4 19. Rxf4 Bxe3+ 20. Qxe3 Rxf4 21.
Qxf4 Rf8 22. Qg3+ Qg7 23. Rf1 Qxg3 24. Rxf8+ Kxf8 25. hxg3 e3 26. Kf1 Bg4 27. c3
Kf7 28. Nc5 Kg6 29. b4 Kf5 30. e6 Kf6 31. Ke1 Ke7 32. Kf1 Kd6 33. Ke1 Ke7 34.
Na6 Kxe6 35. Nxc7+ Kd6 36. Na6 Ke5 37. Nb8 Kd6 38. Na6 Ke5 39. Nb8 Kd6 40. Na6
Ke5 41. Nb8 Kd6 1/2-1/2

[Event "Olimpiade 2014 - Open"]
[Site "Tromsø"]
[Date "08.08.2014"]
[Round "6.52"]
[Board "3"]
[White "Rayner, Francis"]
[Black "Ashiku, Franc"]
[Result "0-1"]
[WhiteElo "2177"]
[BlackElo "2284"]
[WhiteTeam "Wales"]
[BlackTeam "Albania"]
[WhiteFideId "1800132"]
[BlackFideId "4700066"]
[EventDate "2014.08.02"]

1. e4 e6 2. d4 d5 3. Nc3 Nf6 4. Bg5 dxe4 5. Nxe4 Nbd7 6. Nxf6+ Nxf6 7. Nf3 a6 8.
Bd3 c5 9. O-O cxd4 10. Nxd4 Be7 11. Re1 O-O 12. c3 h6 13. Bh4 Nd5 14. Bxe7 Qxe7
15. Qf3 Qf6 16. Be4 Nf4 17. Ne2 Nxe2+ 18. Rxe2 Qxf3 19. Bxf3 Rd8 20. Kf1 Kf8 21.
Ke1 Ke7 22. Rd1 Rxd1+ 23. Kxd1 Rb8 24. c4 Bd7 25. Kd2 g5 26. Kc3 b5 27. c5 b4+
28. Kb3 Bb5 29. Rd2 a5 30. a4 bxa3 31. Kxa3 f5 32. c6 Rc8 33. Rd7+ Kf6 34. Rd6
Ke5 35. Rd2 g4 36. Be2 Bxc6 37. g3 Rb8 38. Bc4 Rb4 39. Bb3 Bd5 40. Re2+ Re4 41.
Rd2 h5 42. Bd1 Kd6 43. b3 Kc5 44. Be2 Rb4 45. Bd1 Rd4 46. Rc2+ Kd6 47. Be2 Ke5
48. Bc4 Bxc4 49. bxc4 Kd6 50. Ka4 Kc5 51. Kxa5 Rxc4 52. Re2 Rc1 53. Ka6 Kd5 54.
Rd2+ Ke5 55. Kb5 Kf6 56. Re2 e5 57. Ra2 e4 58. Rd2 Kg5 59. Kb4 h4 60. Kb3 h3 61.
Kb2 Rh1 62. Kc3 Kf6 63. Rd6+ Ke5 64. Rd2 e3 65. fxe3 Ke4 66. Rf2 Kxe3 67. Rxf5
Rxh2 68. Rf4 Rh1 69. Rxg4 h2 0-1

[Event "Olimpiade 2014 - Open"]
[Site "Tromsø"]
[Date "08.08.2014"]
[Round "6.52"]
[Board "4"]
[White "Seitaj, Ilir"]
[Black "Jameson, David"]
[Result "1/2-1/2"]
[WhiteTitle "IM"]
[WhiteElo "2382"]
[BlackElo "2125"]
[WhiteTeam "Albania"]
[BlackTeam "Wales"]
[WhiteFideId "4700031"]
[BlackFideId "1801538"]
[EventDate "2014.08.02"]

1. e4 e5 2. Nf3 Nc6 3. Bb5 a6 4. Bxc6 dxc6 5. O-O Be6 6. Nc3 Qd6 7. d4 exd4 8.
Nxd4 O-O-O 9. Nxe6 Qxe6 10. Qf3 Bb4 11. Ne2 Re8 12. a3 Bd6 13. Nc3 Nf6 14. Re1
Be5 15. Bf4 Bxf4 16. Qxf4 Nd5 17. Qg3 Nxc3 18. Qxc3 Qe5 19. Qxe5 Rxe5 20. f3 Rb5
21. Rab1 Rd8 22. Kf2 Rd6 23. Re3 Kd7 24. Ke2 Ke7 25. Rd3 Rg5 26. Kf2 Rc5 27. Rc3
Rd2+ 28. Ke3 Rxc2 29. Rxc5 Rxc5 30. Kd3 Rb5 31. Kc3 Rh5 32. h3 Rc5+ 33. Kd3 h5
34. h4 a5 35. Re1 Rb5 36. Kc2 a4 37. Re3 Rc5+ 38. Kd2 Rb5 39. Kc2 Rc5+ 40. Kd2
Rb5 1/2-1/2

[Event "Olimpiade 2014 - Open"]
[Site "Tromsø"]
[Date "08.08.2014"]
[Round "6.53"]
[Board "1"]
[White "Maqseed, Nasser"]
[Black "Kelires, Andreas"]
[Result "0-1"]
[WhiteTitle "CM"]
[WhiteElo "1951"]
[BlackElo "2216"]
[WhiteTeam "Kuwait"]
[BlackTeam "Cyprus"]
[WhiteFideId "10300074"]
[BlackFideId "5900727"]
[EventDate "2014.08.02"]

1. Nf3 Nf6 2. g3 d5 3. Bg2 c6 4. d3 Bg4 5. Nbd2 Nbd7 6. O-O e5 7. e4 Bd6 8. h3
Bh5 9. Qe1 O-O 10. Nh4 Re8 11. Nf5 Bf8 12. g4 Bg6 13. Nb3 Bxf5 14. exf5 h6 15.
Qd1 Bd6 16. Be3 e4 17. Kh1 exd3 18. cxd3 a5 19. Nd4 Bb8 20. Qd2 Nxg4 21. Bf4
Bxf4 22. Qxf4 Nge5 23. Rad1 Nc5 24. Qg3 Qg5 25. Qxg5 hxg5 26. Nb5 cxb5 27. d4
Ne4 28. dxe5 Rxe5 29. Bxe4 dxe4 30. Rd7 Rxf5 31. Rxb7 Rd8 32. Re1 Rd2 33. Rxe4
Rxb2 34. h4 Rfxf2 35. Rg4 Rf1+ 36. Rg1 Rxg1+ 37. Kxg1 gxh4 0-1

[Event "Olimpiade 2014 - Open"]
[Site "Tromsø"]
[Date "08.08.2014"]
[Round "6.53"]
[Board "2"]
[White "Constantinou, Pavlos"]
[Black "Shehab, Ibrahim"]
[Result "1-0"]
[WhiteElo "2106"]
[BlackElo "2036"]
[WhiteTeam "Cyprus"]
[BlackTeam "Kuwait"]
[WhiteFideId "5900328"]
[BlackFideId "10300082"]
[EventDate "2014.08.02"]

1. d4 Nf6 2. Nf3 e6 3. g3 c5 4. Bg2 Nc6 5. c4 cxd4 6. Nxd4 a6 7. O-O Qc7 8. Nc3
Be7 9. b3 O-O 10. Bb2 b6 11. Rc1 Bc5 12. Na4 Be7 13. Nxc6 dxc6 14. Qd4 Rb8 15.
Rfd1 Ne8 16. Qe5 Bd6 17. Rxd6 Qxd6 18. Qxd6 Nxd6 19. Be5 Rd8 20. Rd1 Bb7 21.
Nxb6 Nf5 22. Re1 c5 23. Bxb8 Rxb8 24. Nd7 Rd8 25. Nxc5 Bxg2 26. Kxg2 Rd2 27. a4
Rb2 28. Rd1 g5 29. Kf1 e5 30. e3 h5 31. a5 h4 32. g4 Ne7 33. Rd6 h3 34. Rxa6
Rb1+ 35. Ke2 f5 36. gxf5 g4 37. Re6 Rb2+ 38. Kd3 Kf7 39. a6 Ra2 40. Rxe7+ Kxe7
41. Na4 Rxf2 42. a7 e4+ 43. Kxe4 g3 44. a8=Q gxh2 45. Ke5 Rg2 46. Qb7+ Kf8 47.
Kf6 Kg8 48. Qf7+ Kh8 49. Qh5+ 1-0

[Event "Olimpiade 2014 - Open"]
[Site "Tromsø"]
[Date "08.08.2014"]
[Round "6.53"]
[Board "3"]
[White "Al Khateeb, Taher"]
[Black "Aristotelous, Vassilis"]
[Result "1/2-1/2"]
[WhiteElo "1972"]
[BlackElo "1946"]
[WhiteTeam "Kuwait"]
[BlackTeam "Cyprus"]
[WhiteFideId "10300058"]
[BlackFideId "5900468"]
[EventDate "2014.08.02"]

1. d4 Nf6 2. Bf4 g6 3. Nf3 Bg7 4. e3 d6 5. h3 O-O 6. Be2 b6 7. O-O Bb7 8. a4 a6
9. Nbd2 Nbd7 10. b4 Nd5 11. Qb1 Nxf4 12. exf4 e5 13. fxe5 dxe5 14. dxe5 Nxe5 15.
Ra3 Re8 16. Rd1 Qf6 17. Nxe5 Rxe5 18. Bf3 Bxf3 19. Nxf3 Re2 20. Rad3 Bf8 21. Re1
Rae8 22. Rxe2 Rxe2 23. Kf1 Re4 24. c3 a5 25. bxa5 Rxa4 26. axb6 cxb6 27. Nd4 Bc5
28. Rf3 Qe5 29. Nb3 Bf8 30. Nd2 Bc5 31. Nb3 Bf8 32. Nd2 Bc5 33. Nb3 Bf8 34. Nd2
Bc5 1/2-1/2

[Event "Olimpiade 2014 - Open"]
[Site "Tromsø"]
[Date "08.08.2014"]
[Round "6.53"]
[Board "4"]
[White "Antoniou, Antonis"]
[Black "Hashem, Khaled"]
[Result "1-0"]
[WhiteTitle "FM"]
[BlackTitle "CM"]
[WhiteElo "2188"]
[BlackElo "1963"]
[WhiteTeam "Cyprus"]
[BlackTeam "Kuwait"]
[WhiteFideId "5900123"]
[BlackFideId "10300201"]
[EventDate "2014.08.02"]

1. e4 e5 2. Nf3 Nc6 3. Bc4 Bc5 4. c3 Nf6 5. d3 d6 6. Bb3 a6 7. O-O Ba7 8. Be3
O-O 9. Nbd2 Ne7 10. Nh4 Ng6 11. Nxg6 hxg6 12. Bxa7 Rxa7 13. f4 b5 14. Qe1 Re8
15. Qh4 Be6 16. Bxe6 Rxe6 17. Nf3 exf4 18. Nd4 Re5 19. Nc6 Qa8 20. Nxa7 Qxa7+
21. Qf2 Qxf2+ 22. Rxf2 g5 23. a4 d5 24. axb5 axb5 25. exd5 Rxd5 26. d4 b4 27.
Re2 bxc3 28. bxc3 c5 29. Re5 cxd4 30. Rxd5 Nxd5 31. Ra8+ Kh7 32. cxd4 Kg6 33.
Kf2 Kf5 34. Re8 f6 35. h3 g6 36. Kf3 Nc7 37. Re7 Nd5 38. Re8 Nc7 39. Re7 Nd5 40.
Ra7 Ne3 41. Ra6 Nc2 42. Rd6 Na3 43. Rc6 Nb1 44. Rc5+ Ke6 45. Ke2 f5 46. Kd3 g4
47. Rb5 Na3 48. Rb3 f3 49. gxf3 gxh3 50. Rxa3 g5 51. Ke3 g4 52. fxg4 fxg4 53.
Kf4 h2 54. Ra6+ 1-0

[Event "Olimpiade 2014 - Open"]
[Site "Tromsø"]
[Date "08.08.2014"]
[Round "6.54"]
[Board "1"]
[White "Harper, Ryan"]
[Black "Nanjo, Ryosuke"]
[Result "1/2-1/2"]
[WhiteTitle "FM"]
[BlackTitle "CM"]
[WhiteElo "2236"]
[BlackElo "2344"]
[WhiteTeam "Trinidad & Tobago"]
[BlackTeam "Japan"]
[WhiteFideId "7700156"]
[BlackFideId "7000634"]
[EventDate "2014.08.02"]

1. e4 c5 2. Nf3 d6 3. d4 cxd4 4. Nxd4 Nf6 5. Nc3 a6 6. Be2 e6 7. O-O Be7 8. f4
Nc6 9. Be3 O-O 10. Kh1 Qc7 11. Qe1 Nxd4 12. Bxd4 b5 13. a3 Bb7 14. Qg3 Rad8 15.
Rae1 Rd7 16. Bd3 Re8 17. Re2 Bd8 18. e5 dxe5 19. Bxe5 Qb6 20. f5 Rf8 21. Ref2
Kh8 22. fxe6 fxe6 23. Qh3 Kg8 24. Qg3 Bc7 25. Rxf6 Rxf6 26. Rxf6 Bxe5 27. Bxh7+
Kxh7 28. Qg6+ Kg8 29. Qe8+ Kh7 30. Qg6+ Kg8 31. Qe8+ Kh7 32. Rf8 Bxg2+ 33. Kxg2
Qb7+ 34. Kh3 g6 35. Ne4 Re7 36. Ng5+ Kh6 37. Qd8 Kxg5 38. Qd2+ Kh5 39. Qe2+ Kh6
40. Qxe5 Rf7 41. Rh8+ Rh7 42. Qf4+ Kg7+ 43. Rxh7+ Kxh7 44. Qf6 Qc6 45. Qf7+ Kh6
46. Qf8+ Kh7 47. Qf7+ Kh6 48. Qf8+ Kh7 49. Qf7+ 1/2-1/2

[Event "Olimpiade 2014 - Open"]
[Site "Tromsø"]
[Date "08.08.2014"]
[Round "6.54"]
[Board "2"]
[White "Kojima, Shinya"]
[Black "Winter Atwell, Adrian"]
[Result "1-0"]
[WhiteTitle "FM"]
[BlackTitle "CM"]
[WhiteElo "2373"]
[BlackElo "2110"]
[WhiteTeam "Japan"]
[BlackTeam "Trinidad & Tobago"]
[WhiteFideId "7000812"]
[BlackFideId "7700750"]
[EventDate "2014.08.02"]

1. Nf3 Nf6 2. c4 e6 3. Nc3 Bb4 4. d4 d5 5. Bg5 h6 6. Bxf6 Qxf6 7. e3 O-O 8. Rc1
c5 9. cxd5 cxd4 10. Qxd4 Qe7 11. Bc4 Rd8 12. O-O Bxc3 13. Qxc3 exd5 14. Bxd5 Na6
15. Qb3 Rb8 16. h3 Bd7 17. Nd4 b6 18. e4 Nc5 19. Qf3 a5 20. Rfd1 Rbc8 21. Rc2
Ne6 22. Nf5 Qf8 23. Rcd2 Ng5 24. Qb3 Bxf5 25. exf5 Kh8 26. Qxb6 Rc5 27. h4 Nh7
28. Bc6 Rxd2 29. Rxd2 Rc1+ 30. Kh2 Rxc6 31. Qxc6 Nf6 32. Qd6 Qg8 33. Qd8 1-0

[Event "Olimpiade 2014 - Open"]
[Site "Tromsø"]
[Date "08.08.2014"]
[Round "6.54"]
[Board "3"]
[White "Singh, Ravishen"]
[Black "Watanabe, Akira"]
[Result "0-1"]
[WhiteTitle "CM"]
[BlackTitle "FM"]
[WhiteElo "2104"]
[BlackElo "2252"]
[WhiteTeam "Trinidad & Tobago"]
[BlackTeam "Japan"]
[WhiteFideId "7700199"]
[BlackFideId "7000227"]
[EventDate "2014.08.02"]

1. e4 c5 2. Nf3 d6 3. Bb5+ Nd7 4. O-O Nf6 5. Re1 e5 6. c3 a6 7. Bd3 Be7 8. Bc2
O-O 9. d3 Re8 10. Nbd2 Bf8 11. Nf1 g6 12. Ng3 b5 13. Bg5 h6 14. Bc1 Bg7 15. h3
Bb7 16. a4 d5 17. Qe2 d4 18. Bb3 c4 19. dxc4 Nc5 20. Ba2 bxa4 21. Bb1 Bc6 22.
Nd2 Nfd7 23. cxd4 exd4 24. f4 Ne6 25. Nf3 Ndc5 26. f5 d3 27. Qf2 Nd4 28. Be3
Nxf3+ 29. gxf3 Nb3 30. Ra2 Qd6 31. Rd1 d2 32. fxg6 fxg6 33. Ne2 Rad8 34. Nf4 Bd4
35. Bd3 Qxf4 36. Bxf4 Bxf2+ 37. Kxf2 Rxd3 38. Bxh6 Kh7 39. Bg5 Rf8 40. f4 Nd4
41. Ra3 Nb3 42. h4 Bxe4 43. Rxa4 Rf3+ 44. Kg1 Bc2 45. Rxd2 Nxd2 46. Rxa6 Be4 47.
Ra7+ Kg8 48. c5 Ra8 49. Rxa8+ Bxa8 0-1

[Event "Olimpiade 2014 - Open"]
[Site "Tromsø"]
[Date "08.08.2014"]
[Round "6.54"]
[Board "4"]
[White "Averbukh, Alex"]
[Black "Johnson, Joshua"]
[Result "1-0"]
[BlackTitle "CM"]
[WhiteElo "2183"]
[BlackElo "2069"]
[WhiteTeam "Japan"]
[BlackTeam "Trinidad & Tobago"]
[WhiteFideId "2028255"]
[BlackFideId "7700768"]
[EventDate "2014.08.02"]

1. e4 c5 2. b3 Nc6 3. Bb2 d6 4. f4 e6 5. Nf3 Nf6 6. e5 Nd5 7. g3 dxe5 8. fxe5 g6
9. Bg2 Bg7 10. O-O O-O 11. Qe2 b6 12. Na3 Qd7 13. Rad1 Bb7 14. Nc4 Ba6 15. d3
Rad8 16. Qe4 Qc8 17. Ng5 h6 18. Nxf7 Rxf7 19. Rxf7 Kxf7 20. Rf1+ Kg8 21. Qxg6
Rf8 22. Rxf8+ Kxf8 23. Nd6 Qd7 24. Bxd5 Nd8 25. Bf3 Nf7 26. Bc6 Qe7 27. Qxf7+
Qxf7 28. Nxf7 Kxf7 29. Kf2 Kg6 30. Be4+ Kg5 31. Bc1+ Kg4 32. Bf4 Kh3 33. Bg2+
Kg4 34. h3+ Kh5 35. Be4 Bb5 36. Kg2 Bd7 37. g4+ Kh4 38. Bf3 b5 39. Be4 Be8 40.
Bg3+ Kg5 41. Kf3 1-0

[Event "Olimpiade 2014 - Open"]
[Site "Tromsø"]
[Date "08.08.2014"]
[Round "6.55"]
[Board "1"]
[White "Tologontegin, Semetey"]
[Black "Iyti, Basher"]
[Result "1-0"]
[WhiteTitle "FM"]
[BlackTitle "IM"]
[WhiteElo "2354"]
[BlackElo "2263"]
[WhiteTeam "Kyrgyzstan"]
[BlackTeam "Syria"]
[WhiteFideId "13800574"]
[BlackFideId "7601875"]
[EventDate "2014.08.02"]

1. e4 d6 2. d4 Nf6 3. Nc3 Nbd7 4. Bc4 e5 5. Nge2 Be7 6. a4 O-O 7. O-O c6 8. h3
a5 9. Be3 exd4 10. Bxd4 Re8 11. Ng3 Bf8 12. Re1 Ne5 13. Bf1 Ng6 14. Qd2 Bd7 15.
Rad1 c5 16. Be3 Bc6 17. f3 Qb6 18. Nf5 h6 19. Nxd6 Rad8 20. Nc4 Rxd2 21. Nxb6
Rxc2 22. Nc4 Ne5 23. Rb1 Nxc4 24. Bxc4 Bxa4 25. Bd3 Bb3 26. Bxc2 Bxc2 27. Rbc1
Bb3 28. Nb1 Nd7 29. Nd2 Be6 30. f4 g6 31. Bf2 f6 32. Red1 b6 33. Nc4 Rc8 34. g4
Rc6 35. f5 gxf5 36. gxf5 Bxc4 37. Rxd7 Ba2 38. Kh2 Rd6 39. Rg1+ Kh8 40. Rxd6
Bxd6+ 41. Bg3 Bf8 42. Bf4 Bf7 43. Rd1 Bb3 44. Rd8 Kg7 45. Bxh6+ Kxh6 46. Rxf8 b5
47. Rxf6+ Kg5 48. Rb6 b4 49. Rb5 c4 50. Rxa5 Bc2 51. Kg3 Bd3 52. h4+ Kh5 53. Kf4
c3 54. bxc3 b3 55. Ra8 1-0

[Event "Olimpiade 2014 - Open"]
[Site "Tromsø"]
[Date "08.08.2014"]
[Round "6.55"]
[Board "2"]
[White "Omrani, Hasan"]
[Black "Abdyjapar, Asyl"]
[Result "0-1"]
[BlackTitle "IM"]
[WhiteElo "2085"]
[BlackElo "2368"]
[WhiteTeam "Syria"]
[BlackTeam "Kyrgyzstan"]
[WhiteFideId "7601735"]
[BlackFideId "13800337"]
[EventDate "2014.08.02"]

1. d4 Nf6 2. Nf3 g6 3. Bf4 Bg7 4. c3 O-O 5. e3 d6 6. Nbd2 Nh5 7. Bg3 Nxg3 8.
hxg3 e5 9. Qb3 exd4 10. cxd4 c5 11. Bc4 Nc6 12. Bd5 cxd4 13. e4 h6 14. a3 Qe7
15. O-O Be6 16. Rfe1 g5 17. Rad1 Rac8 18. Qa4 Rfe8 19. Bxc6 Rxc6 20. Nxd4 Ra6
21. Qb4 Rb6 22. Qc3 Rc8 23. Qd3 Rxb2 24. Nf5 Qf6 25. Nxg7 Kxg7 26. Nf3 g4 27.
Nd2 Qe5 28. Rc1 Rxc1 29. Rxc1 b5 30. Qe3 a5 31. f4 gxf3 32. Nxf3 Qf6 33. Nd4 Bg4
34. Rf1 Qe5 35. Qc3 Ra2 36. Kh2 Qh5+ 37. Kg1 Qc5 38. Qe3 a4 39. Kh1 Rxa3 40. Qf2
Qh5+ 41. Kg1 Kg8 42. Nxb5 Rd3 43. Nd4 a3 44. Qf6 Qg6 45. Qd8+ Kg7 46. Nc6 Rd1
47. Rxd1 Bxd1 48. e5 dxe5 49. Ne7 Qe6 50. Qg8+ Kf6 51. Nc8 a2 52. Qd8+ Kg7 53.
Qxd1 Qxc8 54. Kh2 Qc3 55. Qh5 a1=Q 56. Qg4+ Kf8 57. Qh5 Qe3 58. Qf5 Qag1+ 59.
Kh3 Qh1+ 60. Kg4 h5+ 0-1

[Event "Olimpiade 2014 - Open"]
[Site "Tromsø"]
[Date "08.08.2014"]
[Round "6.55"]
[Board "3"]
[White "Takyrbashev, B."]
[Black "Akhras, Khaled"]
[Result "1/2-1/2"]
[WhiteElo "2229"]
[BlackElo "2246"]
[WhiteTeam "Kyrgyzstan"]
[BlackTeam "Syria"]
[WhiteFideId "13800272"]
[BlackFideId "7600909"]
[EventDate "2014.08.02"]

1. e4 c6 2. d4 g6 3. h4 h5 4. Nc3 Bg7 5. Bc4 d5 6. exd5 b5 7. Bb3 b4 8. Na4 cxd5
9. a3 bxa3 10. Rxa3 Nf6 11. Ne2 O-O 12. Bf4 Nc6 13. O-O Na5 14. Nc5 Nxb3 15.
Nxb3 Ne4 16. Nc3 Nxc3 17. bxc3 Re8 18. Re1 Qb6 19. Ra5 Bg4 20. Qa1 Bf5 21. Qa2
Rac8 22. Nc5 e5 23. Ra6 Qb5 24. Ra5 Qb6 25. Ra6 Qb5 26. Rb1 Qe2 27. Be3 exd4 28.
Bxd4 Bxd4 29. cxd4 Bxc2 30. Ra1 Qd2 31. Qxd5 Re1+ 32. Rxe1 Qxe1+ 33. Kh2 Qxf2
34. Rxa7 Re8 35. Ra8 Qxh4+ 36. Kg1 Qe1+ 37. Kh2 Rxa8 38. Qxa8+ Kg7 39. Qd8 Bf5
40. Nb7 h4 41. Nd6 Qg3+ 42. Kh1 Be4 43. Nxe4 Qe1+ 44. Kh2 Qxe4 45. d5 Qe5+ 46.
Kh1 Qe1+ 47. Kh2 Qg3+ 48. Kh1 Qe1+ 49. Kh2 Qe5+ 50. Kh1 g5 51. d6 Qe1+ 52. Kh2
Qg3+ 53. Kh1 h3 54. gxh3 Qxh3+ 55. Kg1 Qg4+ 56. Kh1 Qe4+ 57. Kg1 Qe3+ 58. Kg2
Qd2+ 59. Kf3 Qf4+ 60. Kg2 Qe4+ 61. Kg3 Qe3+ 62. Kg2 g4 63. d7 Qf3+ 64. Kg1 g3
65. Qh8+ Kxh8 66. d8=Q+ Kh7 67. Qg8+ 1/2-1/2

[Event "Olimpiade 2014 - Open"]
[Site "Tromsø"]
[Date "08.08.2014"]
[Round "6.55"]
[Board "4"]
[White "Al-Tarbosh, Ward"]
[Black "Mamatov, Melis"]
[Result "0-1"]
[WhiteTitle "FM"]
[WhiteElo "2272"]
[BlackElo "2106"]
[WhiteTeam "Syria"]
[BlackTeam "Kyrgyzstan"]
[WhiteFideId "7601450"]
[BlackFideId "13800027"]
[EventDate "2014.08.02"]

1. e4 c5 2. Nf3 b6 3. Nc3 Bb7 4. Bc4 e6 5. O-O a6 6. a4 Be7 7. Re1 d6 8. d4 cxd4
9. Qxd4 Nf6 10. Be3 Nbd7 11. Rad1 Qc7 12. Ba2 O-O 13. Bg5 Rfe8 14. Qd2 Rac8 15.
Nd4 Qb8 16. Qc1 Bd8 17. Rd3 Qa8 18. f3 Bc7 19. Bh4 Qb8 20. f4 Nc5 21. Rde3 Nfxe4
22. Nxe4 Nxe4 23. Rxe4 Bxe4 24. Rxe4 d5 25. Re1 Bxf4 26. Qd1 Bxh2+ 27. Kh1 Bg3
28. Qg4 Bxe1 29. Bxe1 Qe5 30. Bg3 Qe4 31. Qxe4 dxe4 32. c3 e5 33. Nf5 Rcd8 34.
Bc4 Kf8 35. Ne3 a5 36. Nd5 Rd6 37. Bf2 Red8 38. Nxb6 Rh6+ 39. Kg1 Rd1+ 40. Bf1
Rh1+ 41. Kxh1 Rxf1+ 42. Bg1 e3 43. Nd7+ Ke8 44. Nxe5 e2 45. Nd3 Rd1 0-1

[Event "Olimpiade 2014 - Open"]
[Site "Tromsø"]
[Date "08.08.2014"]
[Round "6.56"]
[Board "1"]
[White "Gemy, Jose Daniel"]
[Black "Elarbi, Abobker"]
[Result "1-0"]
[WhiteTitle "IM"]
[BlackTitle "FM"]
[WhiteElo "2332"]
[BlackElo "2283"]
[WhiteTeam "Bolivia"]
[BlackTeam "Libya"]
[WhiteFideId "3301478"]
[BlackFideId "9200355"]
[EventDate "2014.08.02"]

1. d4 d5 2. c4 c6 3. Nf3 Nf6 4. Nc3 dxc4 5. a4 Bf5 6. Ne5 Nbd7 7. Nxc4 Nb6 8.
Ne5 e6 9. f3 Bb4 10. e4 Bg6 11. a5 Nbd7 12. a6 Nxe5 13. dxe5 Qxd1+ 14. Kxd1
O-O-O+ 15. Kc2 Nd7 16. axb7+ Kxb7 17. Ba6+ Kc7 18. Be3 Nxe5 19. Ra4 Bd6 20. Rha1
Ra8 21. Be2 a5 22. Rxa5 Rxa5 23. Rxa5 Nd7 24. Ra7+ Kd8 25. Ra8+ Bb8 26. Na4 Ke7
27. Ba7 Rd8 28. Bxb8 Rxb8 29. Ra7 Kd6 30. Kc3 e5 31. b4 f5 32. Nb2 fxe4 33. Nc4+
Ke6 34. Rc7 exf3 35. Bxf3 Nf6 36. Rxc6+ Kf5 37. Rc5 Nd7 38. Rd5 Nb6 39. Rxe5+
Kf6 40. Nxb6 Rxb6 41. Rc5 Be8 42. Kc4 g6 43. b5 g5 44. Bc6 Bh5 45. Kb4 Be2 46.
Rc2 Bxb5 47. Bxb5 Ke5 48. Kc5 Rh6 49. h3 Rh4 50. Rc4 Rh6 51. Rg4 Rg6 52. h4 gxh4
53. Bd7 Rh6 54. Rd4 Rg6 55. Bh3 h5 56. Rxh4 Rg5 57. Kc4 Kf6 58. Kd4 Ra5 59. Re4
Ra3 60. Re3 Ra4+ 61. Kd3 Ra5 62. Ke2 Kg5 63. Kf3 Kh4 64. Be6 Kg5 65. Rd3 Kf6 66.
Bd5 Ke5 67. Kg3 Ra4 68. Bf3 h4+ 69. Kh3 Kf4 70. Kxh4 1-0

[Event "Olimpiade 2014 - Open"]
[Site "Tromsø"]
[Date "08.08.2014"]
[Round "6.56"]
[Board "3"]
[White "Monroy G., Javier A."]
[Black "Gator, Mosab"]
[Result "0-1"]
[BlackTitle "FM"]
[WhiteElo "2150"]
[BlackElo "2166"]
[WhiteTeam "Bolivia"]
[BlackTeam "Libya"]
[WhiteFideId "3302067"]
[BlackFideId "1312383"]
[EventDate "2014.08.02"]

1. d4 d5 2. Nf3 Nf6 3. g3 e6 4. Bg2 Be7 5. O-O Nbd7 6. c4 c6 7. Nc3 dxc4 8. e4
b5 9. a3 Bb7 10. h3 a5 11. Re1 O-O 12. g4 b4 13. Nb1 c5 14. Nfd2 Nb6 15. e5 Nfd5
16. dxc5 Bxc5 17. Ne4 Be7 18. g5 Qc7 19. Qh5 Kh8 20. Ng3 g6 21. Qh4 Nd7 22. f4
Nc5 23. Nd2 Nd3 24. Re4 Qc5+ 25. Kh2 Ne3 26. Nb3 cxb3 27. Bxe3 Qc2 28. axb4 axb4
29. Rxa8 Rxa8 30. Bd4 Ne1 31. Re2 Nxg2 32. Qg4 Qd1 33. f5 Ne1 34. Re4 Qxg4 35.
Rxg4 Nf3+ 0-1

[Event "Olimpiade 2014 - Open"]
[Site "Tromsø"]
[Date "08.08.2014"]
[Round "6.56"]
[Board "4"]
[White "Asabri, Hussien"]
[Black "Caceres, Diego"]
[Result "1/2-1/2"]
[WhiteTitle "FM"]
[WhiteElo "2202"]
[BlackElo "2128"]
[WhiteTeam "Libya"]
[BlackTeam "Bolivia"]
[WhiteFideId "9200177"]
[BlackFideId "3301168"]
[EventDate "2014.08.02"]

1. d4 d5 2. Nf3 Nf6 3. c4 c6 4. g3 Bf5 5. Bg2 Bxb1 6. Rxb1 Qa5+ 7. Bd2 Qxa2 8.
b3 Ne4 9. Qc1 e6 10. O-O Ba3 11. Qd1 Nxd2 12. Nxd2 Bb4 13. Nf3 Qa5 14. Qc2 Nd7
15. Ra1 Qd8 16. e4 dxe4 17. Qxe4 Nf6 18. Qc2 O-O 19. Rfd1 Qc7 20. Rd3 Bd6 21.
Re1 Rac8 22. c5 Be7 23. Ne5 Nd5 24. Qe2 b6 25. Bxd5 cxd5 26. b4 Bf6 27. Ng4 Be7
28. Ne5 Bf6 29. Ng4 Be7 30. Ne5 1/2-1/2

[Event "Olimpiade 2014 - Open"]
[Site "Tromsø"]
[Date "08.08.2014"]
[Round "6.57"]
[Board "1"]
[White "Chipanga, Chiletso"]
[Black "Davy, Damion"]
[Result "0-1"]
[WhiteTitle "CM"]
[BlackTitle "CM"]
[WhiteElo "2060"]
[BlackElo "2164"]
[WhiteTeam "Malawi"]
[BlackTeam "Jamaica"]
[WhiteFideId "16400119"]
[BlackFideId "7400519"]
[EventDate "2014.08.02"]

1. e4 c5 2. f4 d5 3. exd5 Nf6 4. Bb5+ Bd7 5. Bxd7+ Qxd7 6. Nf3 Nxd5 7. O-O e6 8.
Ne5 Qc7 9. Qg4 Nf6 10. Qe2 Bd6 11. Na3 a6 12. Nac4 O-O 13. a4 Nc6 14. Ra3 Nd4
15. Qd1 b5 16. Nxd6 Qxd6 17. Rh3 Rfd8 18. g4 g6 19. g5 Nd7 20. Ng4 Nf5 21. Rd3
Qe7 22. Qf3 Rac8 23. Qb7 Nb8 24. Nf6+ Kg7 25. Qxe7 Nxe7 26. Rh3 h5 27. b4 cxb4
28. Bb2 Rxc2 29. Nxh5+ Kf8 30. Bg7+ Kg8 31. Nf6+ Kxg7 32. Rh7+ Kf8 33. Rh8+ Ng8
34. Rxg8+ Ke7 35. Rxd8 Kxd8 36. Rb1 a5 37. axb5 Kc7 38. Ne4 Kb6 39. d4 Rc7 40.
Kf2 Rd7 41. Ke3 Kxb5 42. Nc3+ Ka6 43. Ne4 Rc7 44. Nd6 Nc6 45. Rc1 Kb6 46. Nc4+
Ka6 47. Nd6 a4 48. Nxf7 b3 49. Nd6 b2 50. Rh1 Nxd4 0-1

[Event "Olimpiade 2014 - Open"]
[Site "Tromsø"]
[Date "08.08.2014"]
[Round "6.57"]
[Board "2"]
[White "Lorne, Malaku"]
[Black "Chimthere, Alfred Charles"]
[Result "1-0"]
[WhiteElo "2056"]
[BlackElo "2017"]
[WhiteTeam "Jamaica"]
[BlackTeam "Malawi"]
[WhiteFideId "7400330"]
[BlackFideId "16400046"]
[EventDate "2014.08.02"]

1. Nf3 Nf6 2. c4 e6 3. g3 d5 4. Bg2 d4 5. b4 c5 6. Bb2 Nc6 7. Qa4 Bd7 8. b5 Ne7
9. e3 dxe3 10. fxe3 Ng6 11. O-O Be7 12. Qb3 Qc7 13. d4 O-O 14. Nbd2 Rac8 15.
Rac1 Rfd8 16. Rfd1 Be8 17. Qd3 e5 18. d5 Bd6 19. Rf1 Qe7 20. Ng5 Bd7 21. h4 Rf8
22. Rc2 Bg4 23. Nde4 Nxe4 24. Bxe4 h6 25. Nxf7 Rxf7 26. Rxf7 Qxf7 27. Rf2 Qe7
28. Bxg6 Rf8 29. Be4 Rxf2 30. Kxf2 Qf6+ 31. Kg2 g5 32. hxg5 Qxg5 33. Bc1 Qh5 34.
Kf2 Kg7 35. Bg2 Qg5 36. Bd2 Qf5+ 37. Qxf5 Bxf5 38. Bf3 Bd3 39. Be2 Bxe2 40. Kxe2
e4 41. Bc3+ Kg6 42. Kf2 Kg5 43. Kg2 Kg4 44. Bf6 h5 45. a4 b6 46. Bh4 Bf8 47. Bf6
Bd6 48. Bd8 Bxg3 49. Be7 h4 50. d6 h3+ 51. Kh1 Kf3 52. d7 Bc7 53. d8=Q Bxd8 54.
Bxd8 Kxe3 55. Bxb6 axb6 56. a5 Kf2 57. axb6 e3 58. b7 e2 59. b8=Q e1=Q+ 60. Kh2
Qg1+ 61. Kxh3 Qg2+ 62. Kh4 Qe4+ 63. Kg5 Qxc4 64. b6 Qd5+ 65. Kf6 Qd4+ 66. Ke6 c4
67. b7 Qe4+ 68. Kf6 Qd4+ 69. Kg5 Qc5+ 70. Kg4 Qb4 71. Qf4+ Ke2 72. b8=Q Qxb8 73.
Qxb8 c3 74. Qc7 Kd2 75. Qd6+ Kc1 76. Qa3+ Kd2 77. Qb4 Kd3 78. Kf3 Kd2 79. Kf2
Kc2 80. Ke2 1-0